| 000 | 01159nam a2200253Ia 4500 | ||
|---|---|---|---|
| 003 | Ost | ||
| 005 | 20260507075213.0 | ||
| 008 | 260507s9999||||xx |||||||||||||| ||und|| | ||
| 020 | _a28352499539 | ||
| 040 | _cfsecg | ||
| 041 | _aara | ||
| 082 | _a330 | ||
| 100 |
_aأبو عيد، الياس _eمؤلف |
||
| 245 | 0 |
_aالمؤسسة التجارية : _bالتمثيل التجاري ج2 / _c الياس أبو عيد |
|
| 260 |
_aبيروت: _bمنشورات الحلبي الحقوقية, _c2009 |
||
| 300 |
_a347 صفحة؛ _bإيضاحات ؛ _c24 سم |
||
| 504 | _aمراجع ص.293 | ||
| 520 | _aالأحكام العامة في المؤسسة التجارية- عناصر المؤسسة التجارية- خصائص وحماية المؤسسة التجارية- العقود الواردة على المؤسسة التجارية- رهن المؤسسة التجارية- عقد الإدارة الحرة- قواعد مختلفة تطبق على المؤسسة التجارية. | ||
| 653 | _aالبيع | ||
| 653 | _aالرهن | ||
| 653 | _aالعقود التجارية | ||
| 653 | _aالمؤسسة التجارية | ||
| 942 | _cكتاب | ||
| 999 |
_c43480 _d43480 |
||